000 00389nam a2200157Ia 4500
008 210210b1975 xxu||||| |||| 00| 0 eng d
082 _a338.954 SUNI
100 _aSUNDHARAM (K P M).
245 _aIndian economy. Ed 10.
250 _a
260 _aNew Delhi.
_bRamchand & Co.
_c1975
300 _axii,527
650 _aIndian Economy
690 _aIndian Economics
906 _a031444
999 _c82491
_d82491